| 000 | 00818nab a2200241 uc4500 | ||
|---|---|---|---|
| 001 | 763690 | ||
| 005 | 20240201183434.0 | ||
| 008 | 020726e19960301 spa | ||
| 035 | _a763690 | ||
| 035 | _a(OCoLC)819982524 | ||
| 040 | _ccomduadb | ||
| 041 | _aspa | ||
| 100 | 1 | 0 |
_aPérez, Edier Humberto _4aut _eaut _9361900 |
| 245 | 1 | 0 | _aDeterminacion de la sacarosa, fructosa, glucosa y etanol por HPLC en un proceso de fermentacion alcoholica |
| 650 |
_aMelaza _923938 |
||
| 650 |
_aFermentación alcohólica _947538 |
||
| 650 |
_aCromatografía líquida de alta resolución (HPLC) _951977 |
||
| 650 |
_aCarbohidratos _9842 |
||
| 650 |
_aSacarosa _98403 |
||
| 650 |
_aGlucosa _926662 |
||
| 773 | 0 |
_tUnicauca Ciencia (Popayán) _gVol. 01, Mar. 1996, p. 46-54 _w763598 _x0122-6037 _0253244 |
|
| 942 | _cARIMP | ||
| 999 |
_c250891 _d250891 |
||